[Event "Irish New Year Events-GM 2020"]
[Site "Dublin"]
[Date "2020.01.03"]
[Round "2.4"]
[White "Kosten, Anthony C."]
[Black "Pajeken, Jakob Leon"]
[Result "1/2-1/2"]
[WhiteElo "2402"]
[BlackElo "2327"]
[Annotator "NA"]
[PlyCount "87"]
[EventDate "2020.01.02"]
[EventType "tourn"]
[EventCountry "IRL"]
[SourceTitle "playchess.com"]
[Source "ChessBase"]
[SourceQuality "1"]
[TimeControl "40/5400+30:1800+30"]

1. Nf3 {[%emt 0:00:00]} d5 {[%emt 0:00:00]} 2. g3 {[%emt 0:00:00]} Nf6 {[%emt 0:00:00]} 3. Bg2 {[%emt 0:00:00]} Nbd7 {[%emt 0:00:34]} 4. c4 {[%emt 0:01:37]} dxc4 {[%emt 0:00:11]} 5. Na3 {[%emt 0:01:18]} e5 {[%emt 0:00:26]} 6. Nxc4 {[%emt 0:01:43] A07: Réti Opening: New York and Capablanca Systems} e4 {[%emt 0:00:28]} 7. Ng5 {[%emt 0:01:06]} Nc5 {[%emt 0:00:17] [#]} 8. d3 $1 $146 {[%emt 0:02:17]} ({Predecessor:} 8. Ne5 Be6 9. Nxe6 fxe6 10. O-O Qd4 11. d3 Qxe5 {1-0 (53) Pantsulaia,L (2607)-Svane,R (2555) Doha 2016}) 8... Bg4 {[%emt 0:00:36]} 9. Nxe4 {[%emt 0:12:15]} Nfxe4 {[%emt 0:00:10]} 10. dxe4 {[%emt 0:06:35]} Qxd1+ {[%emt 0:00:11]} 11. Kxd1 {[%emt 0:00:07]} O-O-O+ {[%emt 0:00:06]} 12. Ke1 {[%emt 0:03:09]} Be6 {[%emt 0:00:13]} 13. Nd2 {[%emt 0:05:42]} g6 {[%emt 0:10:51]} 14. e5 {[%emt 0:09:34]} Bg7 {[%emt 0:01:21]} 15. Nf3 {[%emt 0:04:46]} Nd7 {[%emt 0:09:32]} 16. Ng5 {[%emt 0:07:51]} Nxe5 {[%emt 0:02:09]} 17. Nxe6 {[%emt 0:00:07]} fxe6 {[%emt 0:00:08]} 18. Bf4 {[%emt 0:06:44]} h6 {[%emt 0:15:36]} 19. h4 {[%emt 0:02:22]} Ng4 {[%emt 0:12:19]} 20. Rb1 {[%emt 0:06:19]} e5 {[%emt 0:04:32]} 21. Bh3 {[%emt 0:00:45]} exf4 {[%emt 0:00:07]} 22. Bxg4+ {[%emt 0:00:04]} Kb8 {[%emt 0:00:06]} 23. gxf4 {[%emt 0:00:15]} Rd6 {[%emt 0:04:15]} 24. Bf3 {[%emt 0:03:07]} Rf8 {[%emt 0:06:01]} 25. e3 {[%emt 0:01:27]} Rb6 {[%emt 0:00:36]} 26. Rg1 {[%emt 0:02:33]} Bxb2 $16 {[%emt 0:15:02]} 27. Kd2 {[%emt 0:03:24]} Rff6 {[%emt 0:07:28]} 28. Be4 {[%emt 0:09:39]} Rfd6+ {[%emt 0:05:26]} 29. Kc2 {[%emt 0:01:19]} Bf6 {[%emt 0:00:23]} 30. Rxb6 {[%emt 0:02:27]} axb6 {[%emt 0:00:11]} 31. Rxg6 {[%emt 0:00:44]} Bxh4 {[%emt 0:00:14]} 32. Rxd6 {[%emt 0:02:52]} cxd6 {[%emt 0:00:09]} 33. f3 {[%emt 0:00:26]} Kc7 {[%emt 0:02:22]} 34. Kd3 {[%emt 0:00:57]} b5 {[%emt 0:00:43]} 35. Kd4 {[%emt 0:00:54]} b4 {[%emt 0:00:37]} 36. Bd5 {[%emt 0:02:44]} Be1 {[%emt 0:02:43]} 37. Ke4 {[%emt 0:00:22]} Kd7 {[%emt 0:01:03]} 38. Kf5 {[%emt 0:00:21]} Ke7 {[%emt 0:00:11]} 39. e4 {[%emt 0:00:16]} Bd2 {[%emt 0:00:07]} 40. e5 {[%emt 0:00:20]} b6 {[%emt 0:00:43]} 41. Bc4 {[%emt 0:30:41]} h5 {[%emt 0:30:46]} 42. exd6+ {[%emt 0:00:39]} Kxd6 {[%emt 0:00:10]} 43. Kg5 {[%emt 0:00:25]} Ke7 {[%emt 0:00:31]} 44. Kxh5 {[%emt 0:00:49]} 1/2-1/2

[Event "Irish New Year Events-GM 2020"]
[Site "Dublin"]
[Date "2020.01.03"]
[Round "2.5"]
[White "Ryan, Joseph"]
[Black "Turner, Matthew J"]
[Result "0-1"]
[WhiteElo "2293"]
[BlackElo "2521"]
[Annotator "TA"]
[PlyCount "100"]
[EventDate "2020.01.02"]
[EventType "tourn"]
[EventCountry "IRL"]
[SourceTitle "playchess.com"]
[Source "ChessBase"]
[SourceQuality "1"]

{[%evp 9,100,-7,20,26,31,18,27,22,26,20,33,37,32,35,23,25,16,0,7,4,-1,-15,-9,-97,0,-28,0,-52,-37,-44,0,0,0,0,0,0,0,-6,-6,-5,-7,-8,-7,-18,-18,-23,-10,-24,-20,-52,-37,-47,-49,-228,-230,-247,-248,-273,-273,-273,-272,-273,-269,-269,-252,-248,-245,-241,-236,-246,-248,-247,-234,-227,-233,-240,-247,-413,-302,-339,-262,-494,-490,-507,-499,-29991,-29992,-29993,-29994,-29996,-29997,-29997,-29998]} 1. e4 c6 2. Nf3 d5 3. d3 dxe4 4. dxe4 Qxd1+ 5. Kxd1 Bg4 (5... Nf6 6. Nfd2 Ng4 7. Ke1 e5 8. Nc4 b5 9. Ne3 Bc5 10. Nxg4 Bxg4 11. a4 b4 12. a5 {1-0 (41) Giri,A (2779)-Nepomniachtchi,I (2774) Amsterdam 2019}) 6. Be2 {B10: Caro-Kann: 2 d3 and 2 c4} Nd7 7. Nfd2 Bxe2+ 8. Kxe2 {White has an edge.} Ngf6 9. f3 Ne5 $146 ({Predecessor:} 9... g6 10. Nc4 Nb6 11. Na5 O-O-O 12. Be3 {1-0 (66) Gogolis,A (2236)-Roumbeglis,N (2163) Paleros 2013}) 10. a4 g5 11. Na3 g4 12. f4 Ned7 13. e5 Nd5 14. Ne4 f5 15. exf6 exf6 16. c4 {[#]} (16. h3 $11 {remains equal.}) 16... N5b6 ({Better is} 16... Nb4 $1 $17 17. h3 gxh3 18. Rxh3 O-O-O) 17. b3 O-O-O {White must now prevent ...Bxa3.} 18. a5 (18. Be3 $11) 18... Bxa3 $1 $15 19. axb6 axb6 {Strongly threatening ...Bxc1.} ({Stronger than} 19... Rhe8 20. bxa7 Rxe4+ 21. Be3 $16) 20. Rxa3 Rhe8 21. Ra8+ Nb8 22. Kf2 Rxe4 23. Re1 $132 {[%mdl 2048] White puts up resistance} Rxe1 24. Kxe1 $11 {[%mdl 4096] Endgame KRB-KRN} Kc7 25. f5 {Hoping for Bf4+.} Na6 26. Bf4+ Kd7 27. Ra7 Nc5 28. Kf1 Ke8 29. Bc7 Rd7 30. Bxb6 Nxb3 {...Nd2+ is the strong threat.} 31. c5 $2 (31. Be3 $15) 31... Nd4 $19 32. Ra8+ Kf7 33. h3 gxh3 ({Don't play} 33... Nxf5 34. hxg4 Ne3+ 35. Ke2 $19) 34. gxh3 Nxf5 35. Kg2 Ke6 36. Re8+ Re7 37. Rd8 Ne3+ 38. Kf3 Nd5 39. Ba7 Kf5 40. Bb8 Re3+ 41. Kg2 Rb3 42. Rd7 h5 43. Rf7 $2 (43. Rh7) 43... Ne3+ 44. Kg3 {[#]} h4+ $1 45. Kf3 $2 (45. Kf2) (45. Kxh4 Ng2+) 45... Nd5+ 46. Kg2 Ke4 47. Rh7 (47. Kh2 $19 f5 48. Rh7) 47... Ne3+ {Black mates.} 48. Kg1 Kf3 49. Rxh4 Rb1+ 50. Kh2 Nf1+ 0-1

[Event "Irish New Year Events-GM 2020"]
[Site "Dublin"]
[Date "2020.01.03"]
[Round "2.5"]
[White "Pang, Khai Jie Ryan"]
[Black "Turner, Matthew J"]
[Result "0-1"]
[WhiteElo "1841"]
[BlackElo "2521"]
[Annotator "TA"]
[PlyCount "100"]
[EventDate "2020.01.02"]
[EventType "tourn"]
[EventCountry "IRL"]
[SourceTitle "playchess.com"]
[Source "ChessBase"]
[SourceQuality "1"]

{[%evp 9,100,0,22,21,26,21,26,20,26,26,22,31,35,29,33,20,25,0,2,0,-8,-22,-32,-38,0,-43,0,-19,-30,-36,0,0,0,0,0,0,0,0,0,0,0,0,0,0,0,0,-6,-24,-16,-52,-36,-45,-40,-224,-239,-239,-242,-280,-280,-280,-267,-277,-273,-270,-238,-247,-238,-231,-222,-237,-234,-233,-234,-234,-234,-240,-243,-386,-293,-363,-266,-404,-404,-454,-452,-29990,-29991,-29993,-29994,-29996,-29997,-29997,-29998]} 1. e4 c6 2. Nf3 d5 3. d3 dxe4 4. dxe4 Qxd1+ 5. Kxd1 Bg4 (5... Nf6 6. Nfd2 Ng4 7. Ke1 e5 8. Nc4 b5 9. Ne3 Bc5 10. Nxg4 Bxg4 11. a4 b4 12. a5 {1-0 (41) Giri,A (2779)-Nepomniachtchi,I (2774) Amsterdam 2019}) 6. Be2 {B10: Caro-Kann: 2 d3 and 2 c4} Nd7 7. Nfd2 Bxe2+ 8. Kxe2 {White has an edge.} Ngf6 9. f3 Ne5 $146 ({Predecessor:} 9... g6 10. Nc4 Nb6 11. Na5 O-O-O 12. Be3 {1-0 (66) Gogolis,A (2236)-Roumbeglis,N (2163) Paleros 2013}) 10. a4 g5 11. Na3 g4 12. f4 Ned7 13. e5 Nd5 $36 {[%mdl 2048] Black has good play.} 14. Ne4 f5 15. exf6 exf6 16. c4 N5b6 17. b3 O-O-O 18. a5 Bxa3 19. axb6 axb6 {Hoping for ...Bxc1.} ({Weaker is} 19... Rhe8 20. bxa7 Rxe4+ 21. Be3 $16) 20. Rxa3 Rhe8 21. Ra8+ Nb8 22. Kf2 Rxe4 23. Re1 Rxe1 24. Kxe1 $11 {[%mdl 4096] Endgame KRB-KRN} Kc7 25. f5 {Bf4+ is the strong threat.} Na6 26. Bf4+ Kd7 27. Ra7 Nc5 {aiming for ...Nd3+.} 28. Kf1 Ke8 29. Bc7 Rd7 30. Bxb6 Nxb3 {And now ...Nd2+ would win.} 31. c5 $2 {[#]} ({White should play} 31. Ke2 $15) 31... Nd4 $1 $19 32. Ra8+ Kf7 33. h3 gxh3 ({Resist} 33... Nxf5 34. hxg4 Ne3+ 35. Ke2 $19) 34. gxh3 Nxf5 35. Kg2 Ke6 36. Re8+ Re7 37. Rd8 Ne3+ 38. Kf3 Nd5 39. Ba7 Kf5 40. Bb8 Re3+ 41. Kg2 Rb3 42. Rd7 h5 43. Rf7 (43. Rh7 $142) 43... Ne3+ 44. Kg3 {[#]} h4+ $1 45. Kf3 (45. Kf2 {was necessary.}) (45. Kxh4 Ng2+) 45... Nd5+ 46. Kg2 Ke4 47. Rh7 (47. Kh1 $19 Rxh3+ 48. Kg2) 47... Ne3+ {Black mates.} 48. Kg1 Kf3 49. Rxh4 Rb1+ 50. Kh2 Nf1+ 0-1

[Event "Irish New Year Events-GM 2020"]
[Site "Dublin"]
[Date "2020.01.03"]
[Round "3.1"]
[White "Pajeken, Jakob Leon"]
[Black "Astaneh Lopez, Alex"]
[Result "0-1"]
[WhiteElo "2327"]
[BlackElo "2432"]
[Annotator "TA"]
[PlyCount "60"]
[EventDate "2020.01.02"]
[EventType "tourn"]
[EventCountry "IRL"]
[SourceTitle "playchess.com"]
[Source "ChessBase"]
[SourceQuality "1"]

{[%evp 21,60,36,32,2,19,0,0,0,0,-7,-7,-49,-31,-62,-37,-36,-2,0,-7,-42,-29,-25,-41,-50,-43,-39,-33,-37,0,-164,-172,-237,-231,-225,-223,-334,-331,-319,-308,-722,-693]} 1. d4 Nf6 2. c4 e6 3. Nf3 c5 4. d5 exd5 5. cxd5 d6 6. Nc3 a6 7. a4 g6 8. g3 Bg7 9. Bg2 O-O 10. O-O Re8 11. Re1 Nbd7 12. h3 {A63: Modern Benoni: Fianchetto Variation: 9...Nbd7} (12. e4 Ng4 13. Nd2 Nge5 14. Re3 Nb6 15. Qf1 a5 16. h3 c4 17. Kh2 Bd7 18. f4 Nd3 19. Nxc4 Nxc1 20. Rxc1 Nxc4 21. Qxc4 {½-½ (47) Ding,L (2805)-Navara,D (2734) Prague 2019}) 12... Rb8 13. a5 Ne4 14. Nxe4 {The position is equal.} Rxe4 15. Qc2 Rb4 16. Nd2 b5 $36 {[%mdl 2048] Black is pushing.} 17. Ra2 $146 ({Predecessor:} 17. f4 Qc7 18. e4 c4 19. e5 Nc5 20. exd6 Qxd6 {0-1 (30) Pohjala,H (2035)-Kosmo,S (2276) Kurikka 2008}) 17... c4 18. Ne4 Qc7 19. Bd2 $1 {[%cal Rd2b4]} Rb3 20. Bf4 Ne5 21. Nd2 Rb4 22. Rc1 Bf5 23. e4 Bd7 24. Qc3 $1 {[#] Strongly threatening Bxe5.} Qc5 25. Be3 $2 (25. Qa3 $11) 25... Nd3 $19 26. Qxd3 (26. Bxc5 {was called for.} Bxc3 27. Rxc3 (27. bxc3 Nxc1 28. Ra1 Ra4 $17) 27... Nxc5 28. f3) 26... cxd3 27. Bxc5 dxc5 28. Rxc5 {[#]} (28. b3 $142 Rc8 29. Bf1) 28... Ra4 $1 {[%cal Ra4a2]} 29. Ra3 Bf8 30. Nb3 $2 (30. d6 Bxd6 31. Rxd3 Bxc5 32. Rxd7) 30... b4 {Accuracy: White = 42%, Black = 61%.} 0-1

[Event "Irish New Year Events-GM 2020"]
[Site "Dublin"]
[Date "2020.01.03"]
[Round "3.3"]
[White "Fitzsimons, David"]
[Black "Ryan, Joseph"]
[Result "0-1"]
[WhiteElo "2317"]
[BlackElo "2293"]
[Annotator "TA"]
[PlyCount "102"]
[EventDate "2020.01.02"]
[EventType "tourn"]
[EventCountry "IRL"]
[SourceTitle "playchess.com"]
[Source "ChessBase"]
[SourceQuality "1"]

{[%evp 9,102,8,76,34,79,84,107,22,57,62,72,80,73,31,59,6,24,15,27,31,37,14,33,29,46,38,48,41,41,32,49,23,57,91,70,0,0,0,0,0,56,0,1,0,0,0,0,0,0,0,0,0,0,-29,0,0,0,-79,-79,-75,-36,-32,-25,-580,-18,-619,-594,-2385,-6219,-29958,-29957,-6203,-5293,-1779,-1389,-29961,-29966,-29959,-29967,-5269,-5269,-29968,-29969,-29970,-29971,-29971,-29972,-29972,-29973,-29973,-29974,-29971,-29968,-29967,-29975]} 1. e4 d5 2. exd5 Qxd5 3. Nf3 Bg4 4. Be2 Nc6 5. d4 e5 (5... O-O-O $11 {keeps the balance.}) (5... O-O-O 6. c4 Qh5 7. Be3 e5 8. d5 e4 9. Nd4 Ne5 10. Bxg4+ Nxg4 11. h3 N8f6 12. Nc3 Nxe3 13. fxe3 Qh4+ 14. Kd2 Bc5 {1-0 (68) Tomashevsky,E (2728)-Fressinet,L (2700) Huaian 2016}) 6. c4 {B01: Scandinavian Defence} Qa5+ 7. Bd2 Bb4 {[#]} 8. d5 (8. Nxe5 $1 $16 Nxe5 9. Bxg4 Nxg4 10. Qxg4) 8... Bxf3 $1 $11 9. Bxf3 Nd4 10. Nc3 Qa6 11. Be2 Nf6 12. a3 $146 ({White should play} 12. Bd3 $14) ({Predecessor:} 12. O-O) 12... Bxc3 (12... O-O {seems wilder.} 13. O-O Bxc3 14. Bxc3 Nxe2+ 15. Qxe2 Nxd5 16. Bxe5 Rae8) 13. Bxc3 Nxe2 14. Qxe2 O-O 15. b4 c6 16. dxc6 (16. Bxe5 Rae8 $17) 16... Qxc6 17. O-O Rfe8 18. Rac1 Rac8 19. Bb2 Nd7 20. Rfd1 Nb6 {[%cal Rb6c4]} 21. c5 Nd5 22. Qe4 ({Don't play} 22. Bxe5 f6 $15) ({Better is} 22. g3 $14) 22... Nf4 23. Qxc6 bxc6 24. Kf1 e4 (24... a6 $11) 25. Rc4 (25. Rd6 $14) 25... Nd3 26. Bc3 f5 27. g3 Rcd8 28. Rd4 Rxd4 29. Bxd4 {[%mdl 4096] Endgame KRB-KRN} Rd8 30. Bc3 Rd5 31. h4 g6 (31... Nxb4 $5 {[%cal Rd5d1]} 32. Rb1 Nd3 $15) 32. Ke2 Kf7 33. Rd2 (33. Rf1 $11 {remains equal.}) 33... Ke6 $17 34. f3 {With the idea fxe4.} Rd7 35. Ke3 Kd5 36. g4 $2 {[%mdl 8192]} (36. Bd4 $11) 36... f4+ $19 37. Ke2 Kc4 38. Bf6 Nc1+ 39. Kd1 Rxd2+ 40. Kxd2 exf3 {( -> ...f2). KB-KN} 41. Ke1 Nd3+ 42. Kd2 f2 43. Ke2 {[#]} f3+ $1 {[%mdl 512]} 44. Kf1 (44. Kxf3 f1=Q+) 44... h5 45. gxh5 gxh5 {Black mates.} 46. Bg5 a6 47. Bh6 Kb3 48. Bd2 Kxa3 49. Bc3 Kb3 50. Bd2 Kc2 51. Be3 Kc3 {Accuracy: White = 40%, Black = 60%.} 0-1

[Event "Irish New Year Events-GM 2020"]
[Site "Dublin"]
[Date "2020.01.03"]
[Round "3.4"]
[White "Li, Henry"]
[Black "Kosten, Anthony C."]
[Result "1/2-1/2"]
[WhiteElo "2288"]
[BlackElo "2402"]
[Annotator "NA"]
[PlyCount "42"]
[EventDate "2020.01.02"]
[EventType "tourn"]
[EventCountry "IRL"]
[SourceTitle "playchess.com"]
[Source "ChessBase"]
[SourceQuality "1"]
[TimeControl "40/5400+30:1800+30"]

1. e4 {[%emt 0:00:00]} e5 {[%emt 0:00:00]} 2. Nf3 {[%emt 0:00:01]} Nc6 {[%emt 0:00:00]} 3. Bb5 {[%emt 0:00:10]} a6 {[%emt 0:00:00]} 4. Ba4 {[%emt 0:00:08]} Nf6 {[%emt 0:00:07]} 5. O-O {[%emt 0:00:19]} Bc5 {[%emt 0:01:14]} 6. c3 {[%emt 0:03:35]} O-O {[%emt 0:00:13]} 7. d4 {[%emt 0:02:17]} Ba7 {[%emt 0:00:06]} 8. dxe5 {[%emt 0:10:11]} Nxe4 {[%emt 0:03:25]} 9. Qd5 {[%emt 0:03:02]} Nc5 {[%emt 0:04:17]} 10. Bc2 {[%emt 0:01:01]} Ne7 {[%emt 0:05:14]} 11. Qd1 {[%emt 0:03:21]} d6 {[%emt 0:06:56]} 12. Bg5 {[%emt 0:05:43]} Bg4 {[%emt 0:04:20]} 13. Qd4 {[%emt 0:08:37]} h5 {[%emt 0:14:35]} 14. exd6 {[%emt 0:11:24]} cxd6 {[%emt 0:00:43]} 15. Qd1 {[%emt 0:06:03]} Ne6 {[%emt 0:07:56]} 16. Bxe7 {[%emt 0:00:58]} Qxe7 {[%emt 0:00:23]} 17. h3 {[%emt 0:00:40]} Bxf3 {[%emt 0:00:35]} 18. Qxf3 {[%emt 0:00:07]} g6 {[%emt 0:01:30]} 19. Nd2 {[%emt 0:02:19]} Rad8 {[%emt 0:01:47]} 20. Rfe1 {[%emt 0:03:11]} d5 {[%emt 0:03:30]} 21. Nb3 {[%emt 0:04:23]} Qh4 {[%emt 0:43:39]} 1/2-1/2

[Event "Irish New Year Events-GM 2020"]
[Site "Dublin"]
[Date "2020.01.03"]
[Round "3.5"]
[White "Pert, Nicholas"]
[Black "Brady, Stephen"]
[Result "1-0"]
[WhiteElo "2558"]
[BlackElo "2285"]
[Annotator "TA"]
[PlyCount "77"]
[EventDate "2020.01.02"]
[EventType "tourn"]
[EventCountry "IRL"]
[SourceTitle "playchess.com"]
[Source "ChessBase"]
[SourceQuality "1"]

{[%evp 18,77,31,8,41,42,47,44,84,58,127,139,141,145,191,157,174,139,137,110,301,320,317,312,371,351,354,375,362,389,370,366,353,363,351,225,218,229,233,233,271,252,223,201,212,216,284,273,349,335,346,346,346,346,348,152,213,210,566,553,482,0]} 1. d4 Nf6 2. c4 e6 3. Nf3 b6 4. a3 Ba6 5. Qc2 Bb7 6. Nc3 c5 7. dxc5 Bxc5 8. Bf4 O-O 9. Rd1 Nc6 10. e4 (10. b4 {looks sharper.} Nh5 11. Bc1 Be7 12. e3 Nf6 13. Be2) 10... Nh5 {E39: Nimzo-Indian: Classical: 4...c5 5 dxc5 0-0} (10... e5 $5 {[%cal Re5f4]} 11. Bg5 (11. Nxe5 Nd4 $15) 11... Nd4 12. Nxd4 Bxd4 $11) (10... Ne7 11. h3 Ng6 12. Bh2 Nh5 13. Qd2 Nf6 14. Qc2 Nh5 15. Qd2 Nf6 16. b4 Be7 17. Bd3 a5 18. Qb2 {0-1 (41) Bareev,E (2721)-Ivanchuk,V (2710) Rethymno 2003}) 11. Bg5 f6 $146 ({Predecessor:} 11... Be7 12. Be3 Nf6 13. Bf4 Nh5 14. Be3 Nf6 15. Bf4 {½-½ (15) Starostits,I (2464)-Ovsejevitsch,S (2579) Gau Algesheim 2014}) 12. Bc1 g6 {White is slightly better.} 13. Be2 a6 (13... a5 $14) 14. b4 $16 {[%cal Bb2b4,Bb4b5][%mdl 32]} Be7 15. Be3 a5 16. b5 $36 {[%mdl 2048] White has strong initiative.} Na7 17. Na4 Nc8 18. c5 Qc7 $2 {[#]} (18... bxc5 $16 19. O-O (19. Nxc5 Bxc5 20. Bxc5 Qc7 $16) (19. Bxc5 Nf4 $14) 19... f5) 19. c6 $1 $18 {[%mdl 512]} dxc6 20. Nd4 $1 {[%csl LRc6,LRe6][%mdl 64] Double Attack} Ng7 21. bxc6 Ba6 22. Bxa6 Rxa6 23. Qc4 b5 24. Qxb5 Ra8 25. Qb7 Ra7 26. Qxc7 Rxc7 27. Bh6 Rd8 28. Bxg7 Rxd4 29. Rxd4 Kxg7 30. Rc4 Bxa3 31. Ke2 Nd6 32. Rc2 Nxe4 33. Rd1 Kf7 34. Rd7+ Rxd7 35. cxd7 Ke7 {[#]} 36. Rc7 (36. f3 $1 $18) 36... Kd8 {[#]} (36... Bd6 $16 37. d8=B+ Kxd8 38. Rxh7 Ke8) 37. Ra7 $1 Bc5 $2 (37... Ke7 {is more resistant.} 38. Rxa5 Bd6) 38. Ra8+ Kxd7 39. Ke1 $2 {[%mdl 32768] Accuracy: White = 69%, Black = 38%. . Sensor Board Error (Ke4/e5)?} ({White has to play} 39. f3 $18) 1-0

[Event "Irish New Year Events-GM 2020"]
[Site "Dublin"]
[Date "2020.01.04"]
[Round "4.1"]
[White "Li, Henry"]
[Black "Ryan, Joseph"]
[Result "0-1"]
[WhiteElo "2288"]
[BlackElo "2293"]
[Annotator "ChessBase"]
[PlyCount "126"]
[EventDate "2020.01.02"]
[EventType "tourn"]
[EventCountry "IRL"]
[SourceTitle "playchess.com"]
[Source "ChessBase"]
[SourceQuality "1"]
[TimeControl "5400+30"]

1. e4 {[%emt 0:01:25]} d5 {[%emt 0:00:00]} 2. exd5 {[%emt 0:01:12]} Qxd5 {[%emt 0:00:06]} 3. Nc3 {[%emt 0:00:08]} Qd6 {[%emt 0:00:19]} 4. d4 {[%emt 0:00:23]} Nf6 {[%emt 0:00:06]} 5. Nf3 {[%emt 0:02:57]} c6 {[%emt 0:00:44]} 6. g3 {[%emt 0:02:59]} Bg4 {[%emt 0:04:37]} 7. Bg2 {[%emt 0:05:01]} e6 {[%emt 0:00:34]} 8. O-O {[%emt 0:00:47]} Be7 {[%emt 0:00:15]} 9. Bf4 {[%emt 0:01:27]} Qd8 {[%emt 0:00:18]} 10. h3 {[%emt 0:00:41]} Bxf3 {[%emt 0:00:30]} 11. Qxf3 {[%emt 0:00:57]} O-O {[%emt 0:01:29]} 12. Rad1 {[%emt 0:01:27]} Nbd7 {[%emt 0:01:01]} 13. Rfe1 {[%emt 0:04:11]} Qa5 {[%emt 0:07:13]} 14. a3 {[%emt 0:01:52]} Rfe8 {[%emt 0:06:08]} 15. Ra1 {[%emt 0:12:29]} Qb6 {[%emt 0:07:02]} 16. Qd3 {[%emt 0:12:25]} Rad8 {[%emt 0:12:44]} 17. b4 {[%emt 0:06:08]} Nd5 {[%emt 0:03:08]} 18. Nxd5 {[%emt 0:00:40]} cxd5 {[%emt 0:00:43]} 19. c3 {[%emt 0:00:38]} Rc8 {[%emt 0:04:10]} 20. Bd2 {[%emt 0:02:51]} Qc6 {[%emt 0:02:27]} 21. f4 {[%emt 0:00:44]} Nb6 {[%emt 0:06:33]} 22. f5 {[%emt 0:01:12]} Bf6 {[%emt 0:02:48]} 23. fxe6 {[%emt 0:02:25]} fxe6 {[%emt 0:00:41]} 24. h4 {[%emt 0:07:05]} Nc4 {[%emt 0:04:29]} 25. Bc1 {[%emt 0:00:07]} Nd6 {[%emt 0:04:03]} 26. Bd2 {[%emt 0:00:16]} Qc4 {[%emt 0:04:06]} 27. Qxc4 {[%emt 0:03:02]} Nxc4 {[%emt 0:00:49]} 28. Bg5 {[%emt 0:00:21]} Bxg5 {[%emt 0:04:45]} 29. hxg5 {[%emt 0:00:05]} Kf7 {[%emt 0:02:20]} 30. Ra2 {[%emt 0:00:45]} Nd6 {[%emt 0:00:51]} 31. Rf2+ {[%emt 0:01:08]} Kg6 {[%emt 0:04:13]} 32. Rfe2 {[%emt 0:02:00]} Kf7 {[%emt 0:08:05]} 33. Rf2+ {[%emt 0:00:22]} Ke7 {[%emt 0:00:36]} 34. Re3 {[%emt 0:04:38]} Kd7 {[%emt 0:00:21]} 35. Bf1 {[%emt 0:01:12]} Re7 {[%emt 0:01:27]} 36. a4 {[%emt 0:03:12]} Nf7 {[%emt 0:03:45]} 37. g6 {[%emt 0:00:44]} hxg6 {[%emt 0:00:07]} 38. Bd3 {[%emt 0:00:28]} g5 {[%emt 0:00:44]} 39. Bg6 {[%emt 0:01:26]} Nd6 {[%emt 0:00:16]} 40. Rc2 {[%emt 0:01:51]} Rf8 {[%emt 0:01:20]} 41. Re5 {[%emt 0:03:35]} g4 {[%emt 0:02:01]} 42. Bh5 {[%emt 0:03:39]} Rf5 {[%emt 0:01:11]} 43. Bxg4 {[%emt 0:01:05]} Rxe5 {[%emt 0:00:20]} 44. dxe5 {[%emt 0:00:04]} Nc4 {[%emt 0:00:24]} 45. Re2 {[%emt 0:00:01]} a5 {[%emt 0:00:47]} 46. Kf1 {[%emt 0:04:44]} Re8 {[%emt 0:00:22]} 47. bxa5 {[%emt 0:02:43]} Nxa5 {[%emt 0:01:03]} 48. Rb2 {[%emt 0:00:54]} Kc7 {[%emt 0:00:20]} 49. Rf2 {[%emt 0:00:31]} Re7 {[%emt 0:00:19]} 50. Ke2 {[%emt 0:02:31]} Nc4 {[%emt 0:00:33]} 51. Bh3 {[%emt 0:00:01]} Nxe5 {[%emt 0:00:29]} 52. Ke3 {[%emt 0:00:02]} Nc4+ {[%emt 0:00:54]} 53. Kd4 {[%emt 0:00:29]} Kd6 {[%emt 0:00:09]} 54. Rf8 {[%emt 0:00:03]} e5+ {[%emt 0:00:10]} 55. Kd3 {[%emt 0:00:03]} Nb2+ {[%emt 0:00:49]} 56. Kc2 {[%emt 0:00:45]} Nxa4 {[%emt 0:00:07]} 57. Rd8+ {[%emt 0:00:03]} Kc6 {[%emt 0:00:16]} 58. Bg2 {[%emt 0:00:08]} e4 {[%emt 0:00:48]} 59. c4 {[%emt 0:00:10]} dxc4 {[%emt 0:00:22]} 60. Rc8+ {[%emt 0:00:28]} Kd5 {[%emt 0:00:39]} 61. Bf1 {[%emt 0:00:11]} b5 {[%emt 0:00:23]} 62. Rb8 {[%emt 0:00:08]} Kc5 {[%emt 0:00:33]} 63. Rc8+ {[%emt 0:00:07]} Kb4 {[%emt 0:00:28]} 0-1

[Event "Irish New Year Events-GM 2020"]
[Site "Dublin"]
[Date "2020.01.04"]
[Round "4.2"]
[White "Brady, Stephen"]
[Black "Astaneh Lopez, Alex"]
[Result "1/2-1/2"]
[WhiteElo "2285"]
[BlackElo "2432"]
[Annotator "TA"]
[PlyCount "81"]
[EventDate "2020.01.02"]
[EventType "tourn"]
[EventCountry "IRL"]
[SourceTitle "playchess.com"]
[Source "ChessBase"]
[SourceQuality "1"]

{[%evp 18,81,63,64,75,57,77,48,70,70,73,73,86,57,60,32,82,89,103,75,75,75,75,47,35,33,33,33,33,29,16,26,41,36,36,39,35,35,35,35,24,25,25,25,25,26,45,43,45,45,45,-12,45,45,45,45,58,45,45,0,58,45,45,45,58,45]} 1. e4 e5 2. Nf3 Nf6 3. Nxe5 d6 4. Nf3 Nxe4 5. d4 Be7 6. Bd3 Nf6 7. h3 O-O 8. O-O Re8 9. c4 Nbd7 {[%cal Bb8d7,Bd7f8,Bf8e6][%mdl 32]} 10. Nc3 Nf8 {C42: Petroff Defence: 3 Nxe5 and unusual White 3rd moves} 11. Bf4 Ne6 (11... Ng6 12. Bh2 c6 13. Qd2 a5 14. Rfe1 Bd7 15. Re3 Bf8 16. Rxe8 Bxe8 17. Re1 Qb6 18. Qc2 {½-½ (65) Grandelius,N (2641)-Granda Zuniga,J (2672) Linares 2016}) 12. Bh2 Nh5 $146 ({Predecessor:} 12... g6 13. d5 Ng7 14. Nd4 Nd7 15. Bc2 a6 16. b3 Bf8 17. Qd2 Nb6 18. Bf4 {1-0 (32) Frolyanov,D (2532)-Zhafyarov,A (2202) Kazan 2018}) 13. Re1 g6 14. Qd2 Bd7 15. b4 Bf6 16. Be4 Bg7 17. Rad1 Nf6 18. Bc2 ({Of course not} 18. Bxb7 $6 Rb8 $11) 18... a5 19. b5 b6 20. Re2 Bc8 21. Be4 Nxe4 22. Nxe4 f5 23. Nc3 Bb7 24. Rde1 Bxf3 25. Rxe6 Rxe6 26. Rxe6 Bb7 $1 27. Bf4 Qd7 28. d5 Re8 29. Qe3 Kf7 {[%cal Re8e6]} 30. Rxe8 Qxe8 31. Ne2 h6 32. h4 Qxe3 33. Bxe3 $14 {[%mdl 4096] Endgame KBB-KBN} Bc8 34. g3 (34. f4 $14) 34... Bd7 ({Better is} 34... f4 $1 $11 35. Nxf4 a4) 35. f4 Bf6 36. Kf2 Ke7 37. Ke1 Kf7 38. Kf2 Ke7 39. Kg2 {White is slightly better.} Kf7 40. Kf3 Ke7 41. Kf2 {Accuracy: White = 63%, Black = 62%.} 1/2-1/2